[Event "Wuerttemberg-ch"]
[Site "Stuttgart"]
[Date "2017.08.29"]
[Round "4"]
[White "Neyman, Igor"]
[Black "Weigand, Bernhard"]
[Result "1-0"]
[WhiteElo "2323"]
[BlackElo "2187"]
[PlyCount "115"]
[EventDate "2017.08.26"]
[EventType "swiss"]
[EventRounds "9"]
[EventCountry "GER"]
[SourceTitle "CBM 180 Extra"]
[Source "ChessBase"]
[SourceDate "2017.10.06"]
[SourceVersion "1"]
[SourceVersionDate "2017.10.06"]
[SourceQuality "1"]

1. d4 e6 2. c4 f5 3. g3 Nf6 4. Bg2 Be7 5. Nf3 d5 6. 0-0 0-0 7. Qc2 c6 8. Nbd2 Ne4 9. Ne5 Nd7 10. Ndf3 Ndf6 11. b3 Qe8 12. Nd3 h6 13. Nfe5 Nd7 14. Rb1 Nxe5 15. Nxe5 Bd6 16. b4 Bd7 17. f3 Nf6 18. c5 Bc7 19. a4 a6 20. Bd2 Bxe5 21. dxe5 Nh7 22. h4 Qh5 23. Qc3 Qf7 24. Qd4 Qe7 25. Kf2 Rf7 26. Rh1 Bc8 27. Bf1 Qc7 28. e3 Nf8 29. h5 Nd7 30. f4 Nf8 31. Be2 Qd7 32. Rb2 Qe8 33. Bc3 Nh7 34. Ke1 Bd7 35. g4 Qd8 36. Bd1 Qe7 37. Rg2 fxg4 38. Rxg4 Raf8 39. Bc2 Rf5 40. Bxf5 exf5 41. Rg6 Be6 42. Kd1 Kh8 43. Kc1 Rg8 44. Rg2 Nf8 45. Rh3 Qf7 46. Qd1 Kh7 47. Be1 Kh8 48. Bh4 Nh7 49. Rhg3 Qe8 50. Rg6 Bf7 51. Qd3 Be6 52. Rxe6 Qxe6 53. Rg6 Qc8 54. e6 Nf8 55. Qxf5 Nxg6 56. Qxg6 Qe8 57. e7 Qb8 58. Bf6 1-0

[Event "Wuerttemberg-ch"]
[Site "Stuttgart"]
[Date "2017.08.27"]
[Round "2"]
[White "Weigand, Bernhard"]
[Black "Hirneise, Jens"]
[Result "1/2-1/2"]
[WhiteElo "2187"]
[BlackElo "2350"]
[PlyCount "37"]
[EventDate "2017.08.26"]
[EventType "swiss"]
[EventRounds "9"]
[EventCountry "GER"]
[SourceTitle "CBM 180 Extra"]
[Source "ChessBase"]
[SourceDate "2017.10.06"]
[SourceVersion "1"]
[SourceVersionDate "2017.10.06"]
[SourceQuality "1"]

1. e4 c5 2. b3 g6 3. Bb2 Nf6 4. g3 d6 5. Bg2 Bg7 6. Ne2 Nc6 7. 0-0 e5 8. c3 0-0 9. d4 exd4 10. cxd4 Re8 11. d5 Nb8 12. Nbc3 b5 13. e5 Rxe5 14. Nxb5 Re8 15. Nec3 Na6 16. Qd2 Nc7 17. Nxc7 Qxc7 18. Rfe1 Bd7 19. h3 1/2-1/2

[Event "Wuerttemberg-ch"]
[Site "Stuttgart"]
[Date "2017.08.26"]
[Round "1"]
[White "Keller, Joachim"]
[Black "Weigand, Bernhard"]
[Result "0-1"]
[WhiteElo "1932"]
[BlackElo "2187"]
[PlyCount "80"]
[EventDate "2017.08.26"]
[EventType "swiss"]
[EventRounds "9"]
[EventCountry "GER"]
[SourceTitle "CBM 180 Extra"]
[Source "ChessBase"]
[SourceDate "2017.10.06"]
[SourceVersion "1"]
[SourceVersionDate "2017.10.06"]
[SourceQuality "1"]

1. d4 e6 2. Bf4 f5 3. e3 Nf6 4. Be2 d5 5. Nf3 Be7 6. Ne5 Nbd7 7. Nd2 Nxe5 8. Bxe5 0-0 9. f4 Nd7 10. Nf3 c6 11. c3 b6 12. Bd3 Bb7 13. Qe2 a6 14. 0-0-0 c5 15. Rdg1 Nxe5 16. Nxe5 Bd6 17. g4 Bxe5 18. fxe5 f4 19. exf4 Rxf4 20. g5 cxd4 21. Qh5 Re4 22. Bxe4 dxe4 23. Rd1 d3 24. Rhf1 Qe7 25. g6 hxg6 26. Qxg6 Bd5 27. Kb1 b5 28. h4 Qe8 29. Qg4 Kh7 30. Rg1 Ra7 31. Qg5 b4 32. c4 Bxc4 33. b3 Bd5 34. Qe3 Rc7 35. Rc1 Rxc1+ 36. Rxc1 Qh5 37. Rg1 Qxe5 38. Qg5 Qxg5 39. Rxg5 e3 40. Re5 d2 0-1

[Event "Wuerttemberg-ch"]
[Site "Stuttgart"]
[Date "2016.09.04"]
[Round "9"]
[White "Weigand, Bernhard"]
[Black "Fischer, Sebastian"]
[Result "0-1"]
[WhiteElo "2188"]
[BlackElo "2221"]
[PlyCount "50"]
[EventDate "2016.08.27"]
[EventType "swiss"]
[EventRounds "9"]
[EventCountry "GER"]
[SourceTitle "CBM 174 Extra"]
[Source "ChessBase"]
[SourceDate "2016.10.10"]
[SourceVersion "1"]
[SourceVersionDate "2016.10.10"]
[SourceQuality "1"]

1. e4 d5 2. exd5 Qxd5 3. Nc3 Qa5 4. d4 Nf6 5. Bd2 Qb6 6. Nf3 Bg4 7. h3 Bh5 8. Bc4 Nbd7 9. Bb3 0-0-0 10. g4 Bg6 11. Qe2 e6 12. a3 Bd6 13. 0-0-0 c5 14. Ne5 cxd4 15. Nc4 Qa6 16. Nxd6+ Qxd6 17. Nb5 Qb6 18. Qc4+ Kb8 19. Nxd4 Nd5 20. Be3 Nxe3 21. fxe3 Ne5 22. Qb4 Qxb4 23. axb4 h5 24. g5 h4 25. c3 Nd3+ 0-1

[Event "Wuerttemberg-ch"]
[Site "Stuttgart"]
[Date "2016.09.03"]
[Round "8"]
[White "Zuferi, Enis"]
[Black "Weigand, Bernhard"]
[Result "1/2-1/2"]
[WhiteElo "2211"]
[BlackElo "2188"]
[PlyCount "66"]
[EventDate "2016.08.27"]
[EventType "swiss"]
[EventRounds "9"]
[EventCountry "GER"]
[SourceTitle "CBM 174 Extra"]
[Source "ChessBase"]
[SourceDate "2016.10.10"]
[SourceVersion "1"]
[SourceVersionDate "2016.10.10"]
[SourceQuality "1"]

1. d4 e6 2. c4 f5 3. g3 Nf6 4. Bg2 Be7 5. Nf3 0-0 6. 0-0 d5 7. b3 b6 8. Ba3 Bxa3 9. Nxa3 Qe7 10. Nb5 c6 11. Nc3 Nbd7 12. Rc1 Ba6 13. Na4 Rac8 14. c5 b5 15. Nb2 e5 16. dxe5 Nxe5 17. Nxe5 Qxe5 18. Nd3 Qc7 19. b4 Rce8 20. e3 Ng4 21. Re1 g5 22. Bf1 Qg7 23. h3 Nf6 24. Kh2 Ne4 25. Rc2 Re6 26. Qa1 Qc7 27. f4 Rfe8 28. Qd4 Bc8 29. Rce2 a5 30. a3 a4 31. Ne5 g4 32. h4 Rh6 33. Bg2 Qe7 1/2-1/2

[Event "Wuerttemberg-ch"]
[Site "Stuttgart"]
[Date "2016.09.02"]
[Round "7"]
[White "Grill, Bernd"]
[Black "Weigand, Bernhard"]
[Result "1/2-1/2"]
[WhiteElo "2238"]
[BlackElo "2188"]
[PlyCount "27"]
[EventDate "2016.08.27"]
[EventType "swiss"]
[EventRounds "9"]
[EventCountry "GER"]
[SourceTitle "CBM 174 Extra"]
[Source "ChessBase"]
[SourceDate "2016.10.10"]
[SourceVersion "1"]
[SourceVersionDate "2016.10.10"]
[SourceQuality "1"]

1. e4 g6 2. d4 Bg7 3. Nc3 c6 4. f4 d6 5. Nf3 Bg4 6. Be3 Qb6 7. Qd2 Bxf3 8. gxf3 e6 9. 0-0-0 Qa5 10. d5 exd5 11. exd5 Bxc3 12. bxc3 Ne7 13. Bd4 0-0 14. c4 1/2-1/2

[Event "Oberliga Wuerttemberg 1213"]
[Site "Wuerttemberg"]
[Date "2013.03.24"]
[Round "8.3"]
[White "Weigand, Bernhard"]
[Black "Gabriel, Robert A"]
[Result "0-1"]
[WhiteElo "2157"]
[BlackElo "2133"]
[PlyCount "56"]
[EventDate "2012.09.30"]
[EventType "team-tourn"]
[EventRounds "9"]
[EventCountry "GER"]
[SourceTitle "EXT 2019"]
[Source "ChessBase"]
[SourceDate "2018.10.10"]
[SourceVersion "1"]
[SourceVersionDate "2018.10.10"]
[SourceQuality "1"]
[WhiteTeam "Deizisau"]
[BlackTeam "Stuttgart SF II"]
[WhiteTeamCountry "GER"]
[BlackTeamCountry "GER"]

1. e4 c5 2. b3 Nc6 3. Bb2 e5 4. f4 exf4 5. Nf3 d6 6. Bb5 Nge7 7. Nc3 Ng6 8. 0-0 Be7 9. d4 0-0 10. Bxc6 bxc6 11. Ne2 d5 12. exd5 cxd5 13. Qd2 Ba6 14. Rf2 Qc7 15. dxc5 Bxc5 16. Nfd4 Bxe2 17. Qxe2 Rfe8 18. Qd2 Re4 19. Raf1 Qb6 20. c3 Rae8 21. Qd3 Ne5 22. Qh3 g5 23. g3 Nd3 24. Qf5 Nxf2 25. Rxf2 R4e5 26. Qg4 fxg3 27. hxg3 Re1+ 28. Kg2 Qh6 0-1

[Event "Oberliga Wuerttemberg 1112"]
[Site "Wuerttemberg"]
[Date "2012.01.15"]
[Round "5.5"]
[White "Weigand, Bernhard"]
[Black "Hoenick, Andreas"]
[Result "1-0"]
[WhiteElo "2292"]
[BlackElo "2193"]
[PlyCount "105"]
[EventDate "2011.10.09"]
[EventType "team-tourn"]
[EventRounds "9"]
[EventCountry "GER"]
[SourceTitle "EXT 2019"]
[Source "ChessBase"]
[SourceDate "2018.10.10"]
[SourceVersion "1"]
[SourceVersionDate "2018.10.10"]
[SourceQuality "1"]
[WhiteTeam "Deizisau"]
[BlackTeam "Schwaebisch Gmuend"]
[WhiteTeamCountry "GER"]
[BlackTeamCountry "GER"]

1. e4 c6 2. d4 d5 3. e5 c5 4. dxc5 Nc6 5. Bb5 e6 6. Be3 Nge7 7. c3 Bd7 8. Bxc6 Bxc6 9. Nf3 Nf5 10. Bd4 Nxd4 11. Qxd4 b6 12. cxb6 axb6 13. 0-0 Bc5 14. Qg4 0-0 15. Nbd2 Ra4 16. Nd4 Bd7 17. N2f3 Qc7 18. Qg3 f6 19. b3 Ra3 20. Rfe1 f5 21. Nc2 Ra7 22. a4 Be7 23. Nfd4 Rc8 24. Ne2 Qd8 25. Ncd4 Bg5 26. Qd3 Qc7 27. f4 Bh4 28. Rf1 Be7 29. Rac1 Qd8 30. h3 Bc5 31. Kh2 Rac7 32. Rc2 Qe7 33. Rf3 Be8 34. Rf1 Qf7 35. g4 fxg4 36. hxg4 Qe7 37. Qg3 h5 38. f5 hxg4 39. Nxe6 Ra7 40. Qxg4 Bc6 41. N2d4 Bxd4 42. cxd4 Bd7 43. Rxc8+ Bxc8 44. Ng5 g6 45. Nh3 Qf8 46. e6 Qd6+ 47. Qf4 Qxf4+ 48. Nxf4 gxf5 49. Re1 Rh7+ 50. Kg3 Kf8 51. e7+ Ke8 52. Nxd5 Rg7+ 53. Kf2 1-0

[Event "Wuerttemberg-ch MT"]
[Site "Lauffen am Neckar"]
[Date "2011.09.02"]
[Round "7"]
[White "Pogan, Nikolas"]
[Black "Weigand, Bernhard"]
[Result "1-0"]
[WhiteElo "2218"]
[BlackElo "2292"]
[PlyCount "131"]
[EventDate "2011.08.27"]
[EventType "swiss"]
[EventRounds "9"]
[EventCountry "GER"]
[SourceTitle "EXT 2017"]
[Source "ChessBase"]
[SourceDate "2016.10.25"]
[SourceVersion "1"]
[SourceVersionDate "2016.10.25"]
[SourceQuality "1"]

1. Nf3 d5 2. d4 e6 3. c4 c5 4. cxd5 exd5 5. g3 Nc6 6. Bg2 Nf6 7. Nc3 Be7 8. 0-0 0-0 9. dxc5 Bxc5 10. Na4 Be7 11. Be3 Ne4 12. Rc1 Be6 13. Nd4 Nxd4 14. Bxd4 Qa5 15. a3 Rac8 16. Nc3 Nxc3 17. Rxc3 b6 18. Rd3 Rfd8 19. Bc3 Qb5 20. Qd2 Rd7 21. Rd1 Rcd8 22. Qf4 Qc4 23. Qd4 Bf8 24. R3d2 h6 25. Qe5 Qc6 26. h4 f6 27. Qf4 Bc5 28. Bf3 a5 29. g4 a4 30. g5 fxg5 31. hxg5 Rf8 32. Qg3 hxg5 33. Qxg5 Rf5 34. Qg6 Rdf7 35. Rd3 Qc7 36. Qxe6 Qg3+ 37. Bg2 Bxf2+ 38. Kh1 Rh5+ 39. Bh3 Qh4 40. Rf3 Rhf5 41. Rxd5 Qg5 42. Rxf2 Qc1+ 43. Bf1 Rxf2 44. Rd8+ Kh7 45. Qh3+ Qh6 46. Rh8+ Kxh8 47. Qxh6+ Kg8 48. Qe6 Rxf1+ 49. Kg2 R1f2+ 50. Kg3 b5 51. Qe8+ Kh7 52. Qxb5 R2f5 53. Qd3 Kh6 54. Bd2+ Kh5 55. Qe4 Kg6 56. Qxa4 Rf1 57. Qe4+ R7f5 58. Be3 Kf7 59. b4 Rf6 60. b5 Rg6+ 61. Kh2 Re1 62. Bf2 Rf1 63. Bg3 Re6 64. Qc4 Ke7 65. Kg2 Rf5 66. a4 1-0

[Event "Wuerttemberg-ch MT"]
[Site "Lauffen am Neckar"]
[Date "2011.08.27"]
[Round "1"]
[White "Gabriel, Josef"]
[Black "Weigand, Bernhard"]
[Result "1-0"]
[WhiteElo "2130"]
[BlackElo "2292"]
[PlyCount "89"]
[EventDate "2011.08.27"]
[EventType "swiss"]
[EventRounds "9"]
[EventCountry "GER"]
[SourceTitle "EXT 2017"]
[Source "ChessBase"]
[SourceDate "2016.10.25"]
[SourceVersion "1"]
[SourceVersionDate "2016.10.25"]
[SourceQuality "1"]

1. e4 e6 2. d3 d5 3. Nd2 c5 4. Ngf3 Nc6 5. g3 Nf6 6. Bg2 Be7 7. 0-0 0-0 8. Re1 b5 9. a4 bxa4 10. Rxa4 Bb7 11. e5 Nd7 12. c3 d4 13. c4 Nb4 14. Ne4 Bc6 15. Ra3 Re8 16. h4 h6 17. Bf4 Bf8 18. Bh3 a5 19. Nh2 Ra6 20. Ng4 Bxe4 21. Rxe4 Nc6 22. Qd2 Kh7 23. h5 Rb6 24. Re2 f5 25. Nh2 Qb8 26. Nf3 Rb3 27. Nh4 Rxa3 28. bxa3 Ndxe5 29. Bg2 Bd6 30. Bxc6 Nxc6 31. Bxd6 Qxd6 32. Nxf5 Qf8 33. Nh4 e5 34. Re4 Rb8 35. Qe2 Qf6 36. Rg4 Ne7 37. Qe4+ Kh8 38. f4 Rb1+ 39. Kg2 Qb6 40. Ng6+ Nxg6 41. hxg6 Qb8 42. fxe5 Rb2+ 43. Kh3 Qe8 44. e6 Rb6 45. e7 1-0

[Event "Oberliga Wuerttemberg 1011"]
[Site "Wuerttemberg"]
[Date "2011.03.27"]
[Round "8"]
[White "Birkenmaier, Rainer"]
[Black "Weigand, Bernhard"]
[Result "1/2-1/2"]
[WhiteElo "2164"]
[BlackElo "2308"]
[PlyCount "67"]
[EventDate "2010.09.26"]
[EventType "team-tourn"]
[EventRounds "9"]
[EventCountry "GER"]
[SourceTitle "EXT 2019"]
[Source "ChessBase"]
[SourceDate "2018.10.10"]
[SourceVersion "1"]
[SourceVersionDate "2018.10.10"]
[SourceQuality "1"]
[WhiteTeam "Biberach"]
[BlackTeam "Deizisau"]
[WhiteTeamCountry "GER"]
[BlackTeamCountry "GER"]

1. d4 e6 2. Nf3 d5 3. e3 f5 4. g3 Nf6 5. Bg2 Be7 6. 0-0 0-0 7. c4 c6 8. b3 Ne4 9. Bb2 b6 10. Nc3 Bb7 11. Rc1 Nd7 12. Ne5 Rc8 13. Nd3 Bf6 14. Ne2 Qe7 15. Rc2 Rfe8 16. Qc1 Qf7 17. Rd1 Bg5 18. f3 Nef6 19. Ne5 Nxe5 20. dxe5 Nd7 21. f4 Be7 22. cxd5 cxd5 23. Rdd2 Bc5 24. Bd4 Qe7 25. Qd1 h6 26. Nc1 Bxd4 27. exd4 Qb4 28. Bf1 Kh7 29. Kf2 a6 30. Ke3 Rc3+ 31. Rxc3 Qxc3+ 32. Bd3 b5 33. Rc2 Qa5 34. Qd2 1/2-1/2

[Event "Oberliga Wuerttemberg 1011"]
[Site "Wuerttemberg"]
[Date "2010.09.26"]
[Round "1"]
[White "Braeuning, Rudolf Wilhelm"]
[Black "Weigand, Bernhard"]
[Result "1-0"]
[WhiteElo "2371"]
[BlackElo "2308"]
[PlyCount "71"]
[EventDate "2010.09.26"]
[EventType "team-tourn"]
[EventRounds "9"]
[EventCountry "GER"]
[SourceTitle "EXT 2019"]
[Source "ChessBase"]
[SourceDate "2018.10.10"]
[SourceVersion "1"]
[SourceVersionDate "2018.10.10"]
[SourceQuality "1"]
[WhiteTeam "Bebenhausen"]
[BlackTeam "Deizisau"]
[WhiteTeamCountry "GER"]
[BlackTeamCountry "GER"]

1. e4 c5 2. Nf3 Nc6 3. b4 cxb4 4. d4 e6 5. Bd3 d5 6. Nbd2 Nf6 7. 0-0 Be7 8. Re1 0-0 9. Bb2 b6 10. e5 Nd7 11. Re3 a5 12. Qe2 Re8 13. h4 Nf8 14. h5 f5 15. exf6 Bxf6 16. Ne5 Nxe5 17. dxe5 Bg5 18. Rg3 Bxd2 19. Qxd2 Ba6 20. Bxa6 Rxa6 21. a3 bxa3 22. Bxa3 Ra7 23. Bd6 Qh4 24. h6 Rc8 25. Rb1 Ng6 26. hxg7 Qc4 27. Rxb6 Rxg7 28. c3 Qf4 29. Qb2 h5 30. Rb7 Qh6 31. Qb1 Rc4 32. Rxg7+ Kxg7 33. Bf8+ Kxf8 34. Rxg6 Qh7 35. Rf6+ Kg8 36. Qb8+ 1-0

[Event "Oberliga Wuerttemberg 0910"]
[Site "Wuerttemberg"]
[Date "2010.04.11"]
[Round "9.3"]
[White "Weigand, Bernhard"]
[Black "Hasenohr, Benedict"]
[Result "1-0"]
[WhiteElo "2287"]
[BlackElo "2171"]
[PlyCount "77"]
[EventDate "2009.10.11"]
[EventType "team-tourn"]
[EventRounds "9"]
[EventCountry "GER"]
[SourceTitle "EXT 2019"]
[Source "ChessBase"]
[SourceDate "2018.10.10"]
[SourceVersion "1"]
[SourceVersionDate "2018.10.10"]
[SourceQuality "1"]
[WhiteTeam "Deizisau"]
[BlackTeam "Rommelshausen"]
[WhiteTeamCountry "GER"]
[BlackTeamCountry "GER"]

1. e4 e6 2. d4 d5 3. e5 c5 4. c3 Qb6 5. Nf3 Nc6 6. Be2 cxd4 7. cxd4 Nge7 8. Nc3 Nf5 9. Na4 Qa5+ 10. Kf1 Bd7 11. b3 b5 12. Nc5 Nfxd4 13. Nxd7 Nxe2 14. Qxe2 Kxd7 15. Bb2 Be7 16. g3 Rac8 17. Kg2 a6 18. Rhd1 Rhd8 19. Qe4 g6 20. Qf4 Qb4 21. Bd4 g5 22. Qg4 Rh8 23. Qh5 Rhf8 24. h3 Nxd4 25. Rxd4 Qc3 26. Rad1 Qc2 27. Nxg5 Qf5 28. f4 Rc2+ 29. R4d2 Bxg5 30. Qxg5 Qd3 31. f5 Rfc8 32. fxe6+ fxe6 33. Qf4 R8c3 34. Qf7+ Kd8 35. Qf2 Qe4+ 36. Kh2 Rxd2 37. Rxd2 Qxe5 38. Re2 Qd6 39. Qf6+ 1-0

[Event "Oberliga Wuerttemberg 0304"]
[Site "Wuerttemberg"]
[Date "2004.02.08"]
[Round "6.2"]
[White "Schnepp, Gunnar"]
[Black "Weigand, Bernhard"]
[Result "0-1"]
[WhiteElo "2343"]
[BlackElo "2280"]
[PlyCount "96"]
[EventDate "2003.09.28"]
[EventType "team"]
[EventRounds "9"]
[EventCountry "GER"]
[SourceTitle "EXT 2006"]
[Source "ChessBase"]
[SourceDate "2005.11.24"]
[SourceVersion "1"]
[SourceVersionDate "2005.11.24"]
[SourceQuality "1"]
[WhiteTeam "Schmiden Cannstatt"]
[BlackTeam "Sindelfingen"]
[WhiteTeamCountry "GER"]
[BlackTeamCountry "GER"]

1. d4 d5 2. c4 e6 3. cxd5 exd5 4. Nc3 c6 5. Bf4 Bf5 6. e3 Qb6 7. Qd2 Nf6 8. f3 h6 9. g4 Bg6 10. h4 Nbd7 11. Rh2 Be7 12. 0-0-0 a5 13. Bd3 Bxd3 14. Qxd3 a4 15. Rg2 Qa6 16. g5 Nh5 17. Bh2 hxg5 18. hxg5 Qxd3 19. Rxd3 g6 20. e4 Ng7 21. exd5 Bxg5+ 22. Kb1 Nf5 23. Ne4 Be7 24. d6 Bh4 25. Re2 Kd8 26. Nh3 Re8 27. Rdd2 Ra5 28. Bf4 f6 29. Bh2 g5 30. Kc2 Rd5 31. Kc3 Rh8 32. Ng1 b6 33. b3 axb3 34. axb3 Kc8 35. Kc4 Kb7 36. Kc3 Ra8 37. Nh3 Ra1 38. Nhf2 Bxf2 39. Nxf2 Nxd6 40. Re7 Nb5+ 41. Kb2 Rf1 42. Ne4 Ka6 43. f4 gxf4 44. Nc3 Nxc3 45. Kxc3 Kb5 46. Re4 Rf3+ 47. Kc2 Kb4 48. Bxf4 f5 0-1

[Event "Oberliga Wuerttemberg 0203"]
[Site "Wuerttemberg"]
[Date "2003.04.10"]
[Round "8"]
[White "Weigand, Bernhard"]
[Black "Ortmann, David"]
[Result "1-0"]
[WhiteElo "2285"]
[BlackElo "2197"]
[PlyCount "75"]
[EventDate "2002.10.13"]
[EventType "team-tourn"]
[EventRounds "9"]
[EventCountry "GER"]
[SourceTitle "EXT 2019"]
[Source "ChessBase"]
[SourceDate "2018.10.10"]
[SourceVersion "1"]
[SourceVersionDate "2018.10.10"]
[SourceQuality "1"]
[WhiteTeam "Sindelfingen"]
[BlackTeam "Ditzingen"]
[WhiteTeamCountry "GER"]
[BlackTeamCountry "GER"]

1. e4 e6 2. d4 d5 3. e5 c5 4. c3 Nc6 5. Nf3 Bd7 6. Bd3 Rc8 7. dxc5 Bxc5 8. 0-0 Nge7 9. Bf4 Ng6 10. Bg3 Be7 11. Nbd2 a6 12. Nb3 0-0 13. Re1 b5 14. a3 Na5 15. Nxa5 Qxa5 16. Qe2 Qd8 17. Rad1 Rb8 18. Nd4 Rb6 19. Rf1 f5 20. exf6 Rxf6 21. Nf3 Bd6 22. Bxd6 Rxd6 23. Bxg6 Rxg6 24. Ne5 Rf6 25. Rd4 Qf8 26. f4 Be8 27. g3 Bg6 28. h4 Bf5 29. a4 bxa4 30. Rxa4 Qc8 31. Rfa1 Qc5+ 32. Kh2 h6 33. Rxa6 Rxa6 34. Rxa6 Qc7 35. Qb5 Rf8 36. Qb6 Qe7 37. Qa7 Qe8 38. Qc7 1-0

[Event "Oberliga Wuerttemberg 0102"]
[Site "Wuerttemberg"]
[Date "2002.??.??"]
[Round "7"]
[White "Weigand, Bernhard"]
[Black "Jurek, Josef"]
[Result "1/2-1/2"]
[WhiteElo "2270"]
[BlackElo "2313"]
[PlyCount "34"]
[EventDate "2001.10.01"]
[EventType "team-tourn"]
[EventRounds "9"]
[EventCountry "GER"]
[SourceTitle "EXT 2019"]
[Source "ChessBase"]
[SourceDate "2018.10.10"]
[SourceVersion "1"]
[SourceVersionDate "2018.10.10"]
[SourceQuality "1"]
[WhiteTeam "Sindelfingen"]
[BlackTeam "Schwaebisch Gmuend"]
[WhiteTeamCountry "GER"]
[BlackTeamCountry "GER"]

1. e4 e6 2. d4 d5 3. e5 c5 4. c3 Nc6 5. Nf3 Bd7 6. a3 c4 7. Nbd2 Na5 8. g3 Bc6 9. Bg2 Qd7 10. 0-0 Ba4 11. Qe2 0-0-0 12. Ne1 Ne7 13. f4 h5 14. Ndf3 Nb3 15. Rb1 Nxc1 16. Rxc1 Kb8 17. Bh3 g6 1/2-1/2

[Event "Oberliga Wuerttemberg 0001"]
[Site "Wuerttemberg"]
[Date "2001.??.??"]
[Round "4.4"]
[White "Weigand, Bernhard"]
[Black "Misanovic, Vesna"]
[Result "1-0"]
[WhiteElo "2271"]
[BlackElo "2373"]
[PlyCount "63"]
[EventDate "2000.10.15"]
[EventType "team"]
[EventRounds "9"]
[EventCountry "GER"]
[SourceTitle "EXT 2002"]
[Source "ChessBase"]
[SourceDate "2001.11.25"]
[SourceVersion "1"]
[SourceVersionDate "2001.11.25"]
[SourceQuality "1"]

1. e4 e5 2. f4 d5 3. exd5 c6 4. Qe2 cxd5 5. Qxe5+ Be7 6. Bb5+ Nc6 7. b3 Be6 8. Qe2 Bh4+ 9. g3 Bf6 10. c3 Nge7 11. Bxc6+ bxc6 12. Nf3 0-0 13. 0-0 d4 14. Bb2 Bh3 15. Re1 Nf5 16. Na3 d3 17. Qf2 Nh6 18. Nc4 a5 19. Qc5 a4 20. Ba3 Qc7 21. Nb6 Rad8 22. Nd5 Qc8 23. Nxf6+ gxf6 24. Nd4 Qg4 25. Qxc6 Nf5 26. Nxf5 Qxf5 27. Bxf8 Kxf8 28. b4 Kg7 29. Qe4 Qb5 30. Re3 h5 31. f5 Bxf5 32. Qf4 1-0

[Event "Oberliga Wuerttemberg 0001"]
[Site "Wuerttemberg"]
[Date "2000.11.12"]
[Round "2.4"]
[White "Weigand, Bernhard"]
[Black "Meschke, Andreas"]
[Result "1/2-1/2"]
[WhiteElo "2271"]
[BlackElo "2207"]
[PlyCount "83"]
[EventDate "2000.10.15"]
[EventType "team"]
[EventRounds "9"]
[EventCountry "GER"]
[SourceTitle "EXT 2002"]
[Source "ChessBase"]
[SourceDate "2001.11.25"]
[SourceVersion "1"]
[SourceVersionDate "2001.11.25"]
[SourceQuality "1"]

1. e4 e5 2. Nf3 Nc6 3. Bc4 Bc5 4. c3 Nf6 5. b4 Bb6 6. Qb3 0-0 7. d3 d6 8. a4 a6 9. Bg5 h6 10. Be3 Bxe3 11. fxe3 Ng4 12. Ke2 Qe8 13. h3 Nf6 14. g4 Rb8 15. a5 b5 16. axb6 cxb6 17. Nbd2 b5 18. Bd5 Nxd5 19. Qxd5 Qd7 20. Rhf1 Bb7 21. Qb3 Ne7 22. c4 Nc8 23. Nh4 Nb6 24. Rac1 bxc4 25. dxc4 Qd8 26. Nhf3 Nd7 27. Qd3 Qe7 28. Rg1 g6 29. h4 Rfc8 30. g5 h5 31. Rgd1 Nb6 32. Nb3 Qe6 33. Na5 Qg4 34. Nxb7 Qg2+ 35. Ke1 Rxb7 36. Nd2 Qg3+ 37. Kf1 Qh3+ 38. Ke2 Qg2+ 39. Ke1 Qg3+ 40. Kf1 Qh3+ 41. Ke2 Qg2+ 42. Ke1 1/2-1/2

[Event "Oberliga Baden 9899"]
[Site "Germany"]
[Date "1999.02.07"]
[Round "6.2"]
[White "Weigand, Bernhard"]
[Black "Mueller, Olaf"]
[Result "1/2-1/2"]
[WhiteElo "2280"]
[BlackElo "2335"]
[PlyCount "88"]
[EventDate "1998.10.??"]
[EventType "team"]
[EventRounds "9"]
[EventCountry "GER"]
[SourceTitle "EXT 2002"]
[Source "ChessBase"]
[SourceDate "2001.11.25"]
[SourceVersion "1"]
[SourceVersionDate "2001.11.25"]
[SourceQuality "1"]
[WhiteTeam "Waldshut"]
[BlackTeam "Kirchheim"]
[WhiteTeamCountry "GER"]
[BlackTeamCountry "GER"]

1. e4 e6 2. b3 d5 3. Bb2 dxe4 4. Nc3 Bd7 5. Nxe4 Bc6 6. Qe2 Nd7 7. f4 Ngf6 8. Nxf6+ Nxf6 9. Nf3 Bxf3 10. Qxf3 Qd5 11. Be2 0-0-0 12. Qxd5 Nxd5 13. g3 Nb4 14. Kd1 Rd7 15. a3 Nd5 16. Bd3 h5 17. Ke2 f5 18. Kf3 Rf7 19. Rae1 Kd7 20. Re2 Be7 21. Rhe1 Bf6 22. Be5 Rh6 23. Bxf6 Rfxf6 24. h4 Kd6 25. Re5 Kd7 26. Bf1 Rh8 27. Bc4 c6 28. Bf1 Rd8 29. c4 Nc7 30. d4 Ke7 31. Rd1 Rf7 32. Be2 g6 33. Ke3 Kf6 34. Kd3 Rfd7 35. Kc3 Na6 36. Rd3 Nc7 37. Bf3 Kf7 38. b4 Rd6 39. a4 a6 40. a5 R6d7 41. Re2 Ne8 42. Re5 Nc7 43. Rc5 Rd6 44. Rd1 R8d7 1/2-1/2

[Event "Oberliga Baden 9899"]
[Site "Germany"]
[Date "1998.12.13"]
[Round "4.4"]
[White "Weigand, Bernhard"]
[Black "Scherer, Helmut"]
[Result "0-1"]
[WhiteElo "2280"]
[BlackElo "2295"]
[PlyCount "96"]
[EventDate "1998.10.??"]
[EventType "team"]
[EventRounds "9"]
[EventCountry "GER"]
[SourceTitle "EXT 2002"]
[Source "ChessBase"]
[SourceDate "2001.11.25"]
[SourceVersion "1"]
[SourceVersionDate "2001.11.25"]
[SourceQuality "1"]
[WhiteTeam "Waldshut"]
[BlackTeam "Freiburg"]
[WhiteTeamCountry "GER"]
[BlackTeamCountry "GER"]

1. e4 e5 2. Nc3 Nf6 3. f4 d5 4. fxe5 Nxe4 5. d3 Nxc3 6. bxc3 d4 7. Nf3 Nc6 8. Be2 Bc5 9. Bg5 Qd5 10. c4 Bb4+ 11. Bd2 Qa5 12. Rb1 Bxd2+ 13. Qxd2 Qxd2+ 14. Kxd2 0-0 15. c3 Rd8 16. Rhe1 b6 17. h3 Be6 18. Bf1 Rd7 19. g4 Rad8 20. Re4 h6 21. Be2 Kf8 22. a3 dxc3+ 23. Kxc3 Ne7 24. d4 c6 25. Rb2 Rc7 26. a4 a6 27. Kd2 b5 28. axb5 axb5 29. cxb5 cxb5 30. Rxb5 Bd5 31. Re3 Bxf3 32. Bxf3 Rxd4+ 33. Rd3 Rxd3+ 34. Kxd3 Ng6 35. Kd4 Ra7 36. Be4 Nf4 37. h4 Ne6+ 38. Ke3 Ra3+ 39. Kf2 g5 40. hxg5 Nxg5 41. Bd5 Rc3 42. Rb6 Rd3 43. Rb5 Nh3+ 44. Kf1 Rd1+ 45. Kg2 Nf4+ 46. Kf3 Nxd5 47. Rb8+ Kg7 48. Ke4 Nc7 0-1